| 000 | 00844nam a2200265 i 4500 | ||
|---|---|---|---|
| 003 | DO-SdBNP | ||
| 005 | 20250616154142.0 | ||
| 007 | ta | ||
| 008 | 250616b2016 dr ||||| |||| 00| 0 spa d | ||
| 020 | _a9789945009750 | ||
| 040 |
_aDO-SdBNP _bspa _cBNPHU _erda |
||
| 041 | _aspa | ||
| 082 | 4 |
_222 _axxx _bxxx |
|
| 100 |
_aEstrella Veloz, Santiago, _eautor _4aut. _928982 |
||
| 245 | 1 | 3 |
_aLa rebelión de Cayetano Terramar : _bnovela / _cSantiago Estrella Veloz |
| 264 | 1 |
_aSanto Domingo : _bSoto Castillo, Impresores, _c2016. |
|
| 300 |
_a170 páginas ; _c23 cm. |
||
| 336 |
_atexto _btxt _2rdacontent |
||
| 337 |
_asin mediación _bn _2rdamedia |
||
| 338 |
_avolumen _bnc _2rdacarrier |
||
| 500 | _aIncluye datos biográficos del autor en la solapa de la cubierta | ||
| 590 | _aInventariado, 2025/BT | ||
| 910 | _aBtavárez | ||
| 942 |
_2ddc _cLBS1 |
||
| 999 |
_c59303 _d59303 |
||